00474 2200181 4500001002100000005001500021008004100036020001800077035001900095041000700114082001000121090001600131100002000147245001900167260004400186300002800230650003400258INLIS00000000000398720241224112827241224||||||||| | ||| |||| || |  a979-378-254-6 0010-1224003987 aid0 a302.2 a302.2 YOS l0 aYosal Iriantara00aLiterasi Media aBandungbSimbiosa Rekatama Media.c2009 aviii + 160 hlm.; 21 cm. 0aIlmu Sosial -- Literasi Media